000 00625nam a2200241Ia 4500
005 20260430150524.0
008 008 250103s9999 xx 000 0 eng d
037 _aTheses
040 _aCRL
040 _beng
040 _ceng
041 _2eng
041 _aeng
084 _qCRL
100 _aAbdurrehman Au.; Idrisi Ali Ahmad Gu.
_91237744
245 0 _aKrishan Chander ki takhleeqat mein tanziya aur mazahiya anasir
260 _c2022
300 _a317p.
650 _aUrdu Literature
700 _aUniversity of Delhi. Faculty of Arts. Department of Urdu
942 _cTH
999 _c1849983
_d1849983